000 00663nam a22002057a 4500
003 OSt
005 20260114054352.0
008 260114b |||||||| |||| 00| 0 eng d
020 _a 978-621-8035-62-1
040 _aDWC-Main lib
_cOC
082 _aFil. 371.26 N322a 2019
100 _aNavarro, Rosita L.
245 _a Assessment in learning/
_cRosita L. Navarro
250 _a fourth edition
260 _aQuezon City :
_bLorimar Publishing ,
_c c2019.
300 _axvi, 151 pages :
_billustrations:
_c; 26cm.
504 _aIncludes bibliographical references
650 _a1. Educational evaluation
942 _2ddc
_cBK - FIL
_e fourth edition
_kFil.
_n0
999 _c7377
_d7377